Revista mexicana de sociología /
Gardado en:
| Autor Corporativo: | |
|---|---|
| Formato: | Seriadas |
| Idioma: | Lingua castelá |
| Temas: | |
| Etiquetas: |
Sen Etiquetas, Sexa o primeiro en etiquetar este rexistro!
|
MARC
| LEADER | 00000nas^a2200000^a^4500 | ||
|---|---|---|---|
| 001 | 000163703 | ||
| 005 | 20260226000000.0 | ||
| 009 | 20260310100918.518 | ||
| 022 | |a 0188-2503 | ||
| 037 | |a Acervo ITESO - Biblioteca | ||
| 041 | |a ESP | ||
| 094 | |a 307 | ||
| 222 | 0 | |a Revista mexicana de sociología / | |
| 245 | 0 | 0 | |a Revista mexicana de sociología / |
| 264 | |a México : |b UNAM, Instituto de Investigaciones Sociales, |c 1976-2015 | ||
| 300 | |a volúmenes | ||
| 310 | |a Trimestral | ||
| 336 | |a texto |b txt |2 rdacontenido | ||
| 337 | |a sin mediación |b n |2 rdamedio | ||
| 338 | |a volumen |b nc |2 rdasoporte | ||
| 362 | |a Vol. 38, no. 2 (abr./jun. 1976)-Año 77 (jul. 2015 - suplemento) | ||
| 599 | |a No vigente | ||
| 649 | |a XX | ||
| 650 | |a Ciencias Sociales - |x Publicaciones Periódicas Mexicanas | ||
| 650 | |a Sociología - |x Publicaciones Periódicas Mexicanas - |x Tema Principal | ||
| 650 | |a Publicaciones Periódicas Mexicanas | ||
| 710 | |a UNAM. |b Instituto de Investigaciones Sociales | ||
| 910 | |a Fondo General | ||
| 920 | |a Impresos - Publicaciones Periódicas | ||
| 905 | |a 105 | ||
| 902 | |a https://opac.biblio.iteso.mx/vufind/Record/000163703 | ||